000 00354nam a2200121Ia 4500
008 171212s9999 xx 000 0 und d
020 _a9780745332468
100 _aPelz, William A.
245 _cPelz, William A.
_aA People's History of Modern Europe
260 _bPluto Books
_c2016
650 _aHistory
856 _uhttp://jstor.org/stable/j.ctt1c2crfj
999 _c351611
_d351611